000 00711nam a2200289Ia 4500
005 20260324125733.0
008 008 260324s9999 xx 000 0 eng d
020 _a9780203927557
037 _aEBOOK
040 _aCRL
040 _beng
040 _cCRL
041 _2eng
041 _aeng
084 _qCRL
100 _aAndre Marquis
_91179119
245 4 _aThe Integral Intake
245 2 _bA Guide to Comprehensive Idiographic Assessment in Integral Psychotherapy
260 _bTaylor and Francis
260 _c2008
365 _a
365 _b195
856 _uhttp://www.taylorfrancis.com/books/9780203927557
942 _cEBOOK
999 _c1774654
_d1774654